Automotive Slogans - Statistics

General Stats
  • This quiz has been taken 62 times
  • The average score is 24 of 45
Answer Stats
Slogan Manufacturer % Correct
Sheer Driving Pleasure BMW
91%
Let's Go Places Toyota
89%
Go Further Ford
82%
Progress Through Technology Audi
80%
Zoom Zoom Mazda
80%
The Best Or Nothing Mercedes-Benz
80%
Together Let's Drive Chevrolet
76%
We Are The Competition Ferrari
75%
The Relentless Pursuit Of Perfection Lexus
73%
The Power Of Dreams Honda
71%
New Thinking, New Possibilities Hyundai
69%
Domestic. Not Domesticated. Dodge
65%
Expect The Unexpected Lamborghini
64%
For Life Volvo
64%
Standard Of The World Cadillac
60%
Movement That Inspires Kia
60%
Motion & Emotion Peugeot
60%
Imported From Detroit Chrysler
58%
Passion For Life Renault
55%
Simply Clever Skoda
55%
Creative Technologie Citroen
53%
Exceptional By Design Buick
51%
Go Anywhere, Do Anything Jeep
51%
What A Luxury Car Should Be Lincoln
51%
Drive Your Ambition Mitsubishi
51%
Born From Jets Saab
51%
Precision Crafted Performance Acura
49%
New Horizons Infiniti
49%
We Build Excitement Pontiac
49%
The Art Of Performance Jaguar
47%
We Live Cars Opel
44%
Above And Beyond Land Rover
42%
Start Something Oldsmobile
40%
Luxury, Sports, And Style Cast In Exclusive Cars Maserati
38%
The Man's Car Mercury
35%
We're All Different, But We're Pretty Good Together Mini
35%
Reduced To The Max Smart
35%
A Different Kind Of Car Company Saturn
31%
Raising The Standard Vauxhall
29%
Like Nothing Else Hummer
27%
Let's Go There Holden
25%
The Car Atelier Surpasses Time, Like An Unrelenting Wind Pagani
25%
Luxury Evolved Genesis
24%
Safety Fast MG
22%
Ask The Man Who Owns One Packard
9%
No matching quizzes found
Score Distribution
Percent of People with Each Score
Percentile by Number Answered
Your Score History
You have not taken this quiz